000 00509 a2200169 4500
999 _c9808
_d9808
050 _aKTL19.A35SOU 1981
100 _aDuncan Graeme, Q.C.
_eeditor
245 _aThe South African Law Reports
_b1981 (1) February
_cGraeme Duccan Q.C
264 _aJohannesburg , SA :
_bJUTA and Butterworth,
_c1981
300 _a814p.
500 _aIncludes index
650 _aLaw Reports
651 _aSouth Afirca
700 _aM. Barnet
_eeditor
700 _aJ.L. Buchanan
_eeditor
942 _2lcc
_cSERIALS
_h19.A35
_iSOU
_kKTL